Leyendas, mitos y relatos populares (Record no. 605)
[ view plain ]
| 000 -CABECERA | |
|---|---|
| campo de control de longitud fija | 03992nam a22003254c 4500 |
| 003 - IDENTIFICADOR DE NUMERO DE CONTROL | |
| campo de control | AR-BaSMT |
| 008 - CAMPOS DE LONGITUD FIJA | |
| campo de control de longitud fija | 260327t2018 ag||||gr|||| 001 1 spa d |
| 020 ## - ISBN: Indicadores indefinidos | |
| Número ISBN | 9789507535734 |
| 040 ## - FUENTE DE CATALOGACION | |
| Agencia de catalogación original | BSGB |
| Idioma de catalogación | español |
| Convenciones de la descripción | rda |
| 041 0# - CODIGO DE IDIOMA | |
| Código idioma | spa |
| Idioma original | español |
| 080 ## - CDU | |
| CDU completo | 82-343 |
| 245 00 - MENCION DE TITULO | |
| Título | Leyendas, mitos y relatos populares |
| Autor/Autores | versiones de Miguel P. Soler. |
| 250 ## - MENCION DE EDICION | |
| Mención de edición | 1a edición. |
| 264 ## - PRODUCCIÓN, PUBLICACIÓN, DISTRIBUCIÓN, ETC. | |
| Lugar de publicación, etc. | Buenos Aires : |
| Nombre editor. | Cántaro, |
| Fecha | 2018 |
| 300 ## - DESCRIPCION FISICA | |
| Extensión | 118 páginas. |
| 336 ## - TIPO DE CONTENIDO | |
| texto | Texto |
| 337 ## - TIPO DE MEDIO | |
| sin mediación | Sin mediación |
| 338 ## - TIPO DE SOPORTE | |
| volumen | Volúmen |
| 490 ## - TÍTULO DE LA SERIE | |
| Título de la serie | Colección Del Mirador |
| Número de serie | 268 |
| 500 ## - NOTA GENERAL | |
| Nota general | Prólogo de Valeria Judith Stefani. |
| 504 ## - NOTA DE BIBLIOGRAFIA | |
| Bibliografía | Bibliografía: p. [117]-118. |
| 505 ## - NOTA DE CONTENIDO CON FORMATO | |
| Volcar toda la info, nivel básico, Indicadores 8 y # | Índice<br/>Puertas de acceso.............................................................................................. 3<br/>Las voces del tiempo ......................................................................................5<br/>Origen y transmisión ...................................................................................6<br/>Una multiplicidad de voces ......................................................................8<br/>Variedades................................................................................................................9<br/>Nuevos relatos: más allá de la tradición ...................................... 18<br/>La obra...................................................................................................................21<br/>I. El fuego (leyendas originarias)....................................................... 21<br/>Los cambios de la luna ............................................................................. 26<br/>El último fuego ............................................................................................... 31<br/>La flor de ceibo................................................................................................ 36<br/>II. El habla (relatos folklóricos).......................................................... 41<br/>El zorro y el tigre............................................................................................ 45<br/>El juramento del zorro............................................................................... 50<br/>Un paseo en cesta .......................................................................................... 56<br/>III. Las huellas (relatos sobre seres míticos).............................. 59<br/>El Uturunco....................................................................................................... 63<br/>El Pombero......................................................................................................... 69<br/>La Umita .............................................................................................................. 76<br/>IV. Los muertos (leyendas urbanas)................................................ 85<br/>La ciudad sin campanas............................................................................ 90<br/>La dama de blanco........................................................................................ 97<br/>El castillo de los bichos..........................................................................107<br/>Bibliografía .................................................................................................... 117 |
| 520 ## - NOTA DE SUMARIO, RESUMEN, ETC. | |
| Toda la nota | “Las historias son como el fuego” dice el narrador, “y saltan incendiarias de rama en rama, de generación en generación”. Leyendas originarias, cuentos folklóricos, relatos míticos y leyendas urbanas se entretejen en las páginas de este libro y van formando un recorrido. El fuego, el habla, las huellas y los muertos nos guían para descubrir las narraciones que nos pueblan, que nos atraviesan y nos dan una identidad común. Al fin y al cabo, estamos hechos de palabras. |
| 521 ## - NOTA DE PÚBLICO DESTINATARIO | |
| Nota de audiencia | Público general |
| 650 #7 - PUNTO DE ACCESO ADICIONAL DE MATERIA – TÉRMINO TEMÁTICO | |
| Enlace autoridades | 103 |
| Término de materia o nombre geográfico como elemento de entrada | MITOS Y LEYENDAS |
| 650 #7 - PUNTO DE ACCESO ADICIONAL DE MATERIA – TÉRMINO TEMÁTICO | |
| Enlace autoridades | 23 |
| Término de materia o nombre geográfico como elemento de entrada | CUENTO |
| 700 ## - PUNTO DE ACCESO ADICIONAL – NOMBRE DE PERSONA | |
| Apellido, Nombre | Soler, Miguel P. |
| Término relacionador: | Compilador |
| Enlace autoridades | 437 |
| 942 ## - ELEMENTOS AGREGADOS (KOHA) | |
| CDU | Clasificación decimal universal |
| Tipo de ítem | Libros |
| Disponible | Perdido | Fuente de clasificación | Estado | Ubicación permanente | Locación actual | Estante o sala | Fuente de adquisición | Número de inventario | Total préstamos | Signatura topográfica | Código de barras | Numero de ejemplar | Tipo de item de Koha | Calificador de localización códificado |
|---|---|---|---|---|---|---|---|---|---|---|---|---|---|---|
| Clasificación Decimal Dewey | Biblioteca Susana G. De Batemarco | Biblioteca Susana G. De Batemarco | Literatura Secundaria | Donación | 030422 | 82-343 SOL | 030422 | 1 | Libros | |||||
| Clasificación Decimal Dewey | Biblioteca Susana G. De Batemarco | Biblioteca Susana G. De Batemarco | Literatura Secundaria | Donación | 000703 | 82-343 SOL | 000703 | 1 | Libros |
